000 00574nam a2200181Ia 4500
008 151018s9999 xx 000 0 und d
082 _bRBASDV56774
_a891.463
100 _aसुर्यकांत कुलकर्णी
245 _aकथुली
250 _b1
260 _bज्ञान प्रकाशन
_c2011
300 _a112
600 _aसुर्यकांत कुलकर्णी
630 _aकथुली
700 _aसुर्यकांत कुलकर्णी
730 _aकथुली
942 _cBOOK
999 _c1052235
_d1052232